| 000 | 00546nam a22001817a 4500 | ||
|---|---|---|---|
| 999 |
_c9023 _d9023 |
||
| 008 | 210319b ||||| |||| 00| 0 eng d | ||
| 040 | _aBMS College of Architecture | ||
| 100 | _aMurthy, P, Srinivas | ||
| 245 | _aAthithi Mysore centre for tourism | ||
| 300 | _a60p. | ||
| 500 | _a1BM09AT052 | ||
| 502 |
_8B.Arch _NBMS College of Architecture, Visvesvaraya Technological University _aProject report _d2013 |
||
| 650 | _aMydore | ||
| 650 | _aTourism | ||
| 700 |
_aAjaichandran C K _eGuide |
||
| 700 |
_aBhagyalaxmi M _eGuide |
||
| 942 |
_2ddc _cTHE |
||